Radioactive Lyrics - Imagine Dragons - Statistics

General Stats
  • This quiz has been taken 652 times
  • The average score is 179 of 236
Answer Stats
Hint Answer % Correct
I
100%
a
96%
x2 radioactive
95%
I'm
94%
the
94%
in
93%
to
91%
my
90%
up
88%
it
85%
bones
82%
and
81%
feel
81%
new
81%
waking
81%
age
80%
oh
80%
Welcome
80%
make
72%
breathing
70%
chemicals
70%
dust
70%
is
69%
ash
68%
systems
67%
This
65%
Whoa
65%
Enough
64%
apocalypse
61%
out
61%
rust
60%
sweat
58%
brow
56%
prison
56%
blow
55%
bus
53%
go
52%
on
52%
breaking
51%
wipe
50%
from
47%
All
46%
It's
45%
shaping
45%
checking
44%
Deep
44%
revolution
41%
inside
40%
suppose
40%
sun
38%
right
37%
then
37%
fit
36%
hasn't
36%
straight
35%
died
33%
red
33%
paint
32%
clothes
28%
raise
27%
don
23%
flags
20%
We'll
16%
No matching quizzes found
Score Distribution
Percent of People with Each Score
Percentile by Number Answered
Your Score History
You have not taken this quiz